Celebració de l'acabament de les obres de restauració de l'Església de Sant Vicenç de Malla (Osona) : 26 de gener de 1986 26 de gener de 1986
Publicado:
[Barcelona] :
Diputació de Barcelona. Servei de Catalogació i Conservació de Monuments, Dl. 1986
Descripción Física:
[18] p. : il. col. ; 21 cm
MARC
| LEADER | 00000nam a2200000Ia 4500 | ||
|---|---|---|---|
| 001 | 12820 | ||
| 008 | 160829s9999 xx 000 0 cat d | ||
| 080 | |a FU-14-55 | ||
| 245 | |a Celebració de l'acabament de les obres de restauració de l'Església de Sant Vicenç de Malla (Osona) : |b 26 de gener de 1986 | ||
| 260 | |a [Barcelona] : |b Diputació de Barcelona. Servei de Catalogació i Conservació de Monuments, Dl. 1986 | ||
| 300 | |a [18] p. : |b il. col. ; |c 21 cm | ||
| 650 | |a Església de Sant Vicenç de Malla |x Conservacio i restauració |9 42943 | ||
| 650 | |a Malla |x Història local |9 32801 | ||
| 710 | |a Barcelona (Catalunya : Província). |b Servei de Catalogació i Conservació de Monuments |9 54088 | ||
| 901 | |a Arxiu | ||
| 942 | |n 1 | ||
| 952 | |0 0 |1 0 |4 0 |6 FU1455 |7 1 |9 46105 |a Arxiu |b Arxiu |d 2016-12-01 |l 0 |o FU-14-55 |p 12820 |r 2016-12-01 00:00:00 |w 2016-12-01 |y ARXIU | ||
| 999 | |c 49607 |d 49607 | ||